000 01063cam a2200313 a 4500
001 2910324
003 OSt
005 20231009131411.0
008 880505t19881987nyuabfj 001 0ceng
010 _a 88017437
020 _a9781782279068
020 _a0140088083 (pbk.)
040 _aDLC
_cDLC
_dDLC
_dDLC
043 _ae-ur---
_ae-ur-bw
050 1 0 _aCT1217.I38
_bI38 1988
082 0 0 _a947.65
_aB
_bIGN/R
100 1 _aIgnatieff, Michael
_99713
245 1 4 _aThe Russian album /
_cMichael Ignatieff.
260 _aNew York, N.Y., USA :
_bPenguin Books,
_c1988, c1987.
300 _a258 p :
_bill., geneal. table, map ;
_c19 cm.
500 _aIncludes index.
600 3 0 _aIgnatieff family.
600 1 0 _aIgnatieff, Michael
_xFamily.
650 0 _aNobility
_zRussia
_xBiography.
651 0 _aBelarus
_xBiography.
906 _a7
_bcbc
_corignew
_d1
_eocip
_f19
_gy-gencatlg
942 _2ddc
_cBK
_h947.65
_iIGN/R
_k947.65
_mIGN/R
999 _c42597
_d42597